Loading...
| Fine Arts - Classical Music | 5 | 8.00 | 80% | 0% | 0% |
| Fine Arts - Other Fine Arts | 1 | 10.00 | 100% | 0% | 0% |
| Fine Arts - Painting and Sculpture | 3 | 3.33 | 33% | 0% | 0% |
| Geography | 1 | 0.00 | 0% | 0% | 0% |
| History - American History | 1 | 10.00 | 100% | 0% | 0% |
| History - European History | 1 | 10.00 | 100% | 0% | 0% |
| History - Other History | 3 | 6.67 | 67% | 0% | 0% |
| History - World History | 1 | 10.00 | 100% | 0% | 0% |
| Literature - British Literature | 5 | 8.00 | 60% | 20% | 0% |
| Literature - European Literature | 4 | 5.00 | 50% | 0% | 0% |
| Literature - World Literature | 2 | 15.00 | 100% | 0% | 50% |
| Mythology | 3 | 13.33 | 100% | 33% | 0% |
| Philosophy | 3 | 6.67 | 33% | 33% | 0% |
| Pop Culture | 2 | 15.00 | 100% | 50% | 0% |
| Religion | 2 | 5.00 | 50% | 0% | 0% |
| Science - Biology | 3 | 10.00 | 100% | 0% | 0% |
| Science - Chemistry | 1 | 10.00 | 100% | 0% | 0% |
| Science - Other Science | 3 | 10.00 | 67% | 33% | 0% |
| Science - Physics | 5 | 8.00 | 40% | 40% | 0% |
| Social Science | 1 | 0.00 | 0% | 0% | 0% |